000 01109nam0a2200337 4500
001 RU\NLR\bibl\91153
005 20260409074147.0
010 _a5-8629-19-87
_bВнешсигма
010 _a5-237-04271-6
_910000
_bАСТ
021 _aRU
_b2000-5001
_9256
035 _a(NLR Aleph) 000089085
090 _a499159
_c499159
100 _a20000608d2000 u y0rusy50 ca
101 1 _arus
102 _aRU
105 _aa |||||||||
200 1 _aФлористика
_eБукеты с композициями из засуш. цветов
_f[Пер. Успенской Е.]
210 _aМ.
_cВнешсигма
_cАСТ
_d2000
215 _a87 с.
_cил., цв. ил.
_d28
225 1 _aЖенщины, книга для вас
606 0 _aЦветы срезанные
_91696065
_3RU\NLR\auth\661052751
606 _aФлористика (иск.)
_3RU\NLR\AUTH\661283023
_92125541
686 _aП274.8
686 _aЩ126.9
801 0 _aRU
_bNLR
_c20000608
_gPSBO
801 1 _aRU
_bNLR
_c20000608
852 _aNLR
_j2000-8/540
942 _cBOOK
980 _aNB